000 01835nam a2200301 i 4500
001 18368
003 DO-SdUEMH
005 20260130143015.0
007 ta
008 260130b |||||||| |||| 00| 0 spa d
020 _a9789945443622 (serie)
020 _a9789945582413 (v. 229)
040 _aDO-SdUEMH
_bspa
_erda
041 _aspa
082 1 4 _mRD
_bN964l
245 1 0 _aNueva literatura económica dominicana :
_bpremios del Concurso de Economía Biblioteca “Juan Pablo Duarte” 2015 /
264 0 1 _aSanto Domingo :
_bBanco Central de la República Dominicana,
_c2015
264 1 4 _c©2016
300 _axx, 306 paginas :
_bilustraciones ;
_c23 cm.
336 _2rdacontent
_atexto
_btxt
337 _2rdamedia
_asin mediación
_bn
338 _2rdacarrier
_avolumen
_bnc
490 _aColección del Banco Central de la República Dominicana ;
_v229
490 _aNueva literatura económica ;
_v20
504 _aBibliografías al final de cada parte
505 2 _aPresentación -- Introducción -- Duración y recurrencia del desempleo en la República Dominicana -- Eficiencia y regulación bancaria: una aplicación de la envolvente de datos y modelo de variables censuradas para República Dominicana y Centroamérica -- Desajuste educativo: incidencia y efecto sobre los salarios y la productividad, 2010-2014 -- Vulnerabilidad, contagio y centralización: medidas de riesgo sistémico para la banca múltiple en la República Dominicana -- Contagio y dinámica temporal de la volatilidad del tipo de cambio dominicano: un enfoque GARCH multivariante (2000-2015) -- Conclusiones -- Bibliografía -- Anexos -- Ganadores del Concurso de Economía (1985-2014) -- Jurado del Concurso Anual de Economía Biblioteca “Juan Pablo Duarte” -- Colección del Banco Central de la República Dominicana.
942 _2ddc
_n0
_cBK
999 _c18368
_d18368